Počítače v marketingu a distribúcii

Salvato in:
Dettagli Bibliografici
Autore principale: Mariaš, Miroslav
Ente Autore: Ekonomická univerzita v Bratislave. Obchodná fakulta
Altri autori: Kováčová, Bibiana, Dzurová, Mária
Natura: Libro
Lingua:slovacco
Pubblicazione: Bratislava Ekonomická univerzita 1995
Edizione:1. vyd.
Soggetti:
Tags: Aggiungi Tag
Nessun Tag, puoi essere il primo ad aggiungerne!!

MARC

LEADER 00000nam a2200000 4500
001 c009576
005 20221214071522.8
020 |a 80-225-0629-X 
041 0 |a slo 
044 |a SK 
245 1 0 |a Počítače v marketingu a distribúcii  |c Miroslav Mariáš, Bibiana Kováčová, Mária Dzurová 
250 |a 1. vyd. 
264 1 |a Bratislava  |b Ekonomická univerzita  |c 1995 
300 |a 97 s. 
610 2 0 |a využitie počítačov 
610 2 0 |a marketing 
610 2 0 |a distribúcia 
610 2 0 |a technológie informačné 
610 2 0 |a systémy informačné 
610 2 0 |a maloobchod 
610 2 0 |a komunikácia 
610 2 0 |a telekomunikácie 
100 1 |a Mariaš, Miroslav 
700 1 |a Kováčová, Bibiana 
700 1 |a Dzurová, Mária 
710 2 |a Ekonomická univerzita v Bratislave. Obchodná fakulta